• 首页
  • 本馆介绍
  • 公告通知
  • 最新文献
  • 馆藏检索
  • 电子资源
  • 读者导购
  • 参考咨询
  • 我的图书馆
  • 登录
  • 详细信息显示
  • 放入我的书架
  • 预约/预借图书
  • 作者相关作品
  • 分类相关作品
  • 丛书相关作品
  • 出版社相关作品

书目信息

  • 表格格式
  • 工作单格式
  • 卡片格式
题名:
时空物理纵横
    
 
作者: 魏凤文 著
分册:  
出版信息: 北京   北京出版社  1988.12
页数: 510页
开本: 20cm
丛书名:
单 册:
中图分类: O412.1
科图分类:
主题词: 理论物理学
电子资源:
ISBN:
000 00649nam0 2200217 45
001 0312221749
005 20040524151108.0
010    @dCNY4.90
100    @a20031222d1988 km y0chiy0120 ea
101    @achi
105    @a z 000yy
200 1  @a时空物理纵横@e近代时空观的建立@EJin Dai Shi Kong Guan De Jian Li@AShi Kong Wu Li Zong Heng@f魏凤文著@FWei Feng Wen Zhu
210    @a北京@c北京出版社@d1988.12
215    @a510页@d20cm
300    @a自然科学史话
517    @a近代时空观的建立@AJin Dai Shi Kong Guan De Jian Li
606 0  @a理论物理学
690    @aO412.1@v3
701 0  @a魏凤文@4著
801    @aCN@bTSTCL@c20031222
905    @dO412.1@e10
    
    时空物理纵横:近代时空观的建立/魏凤文著.-北京:北京出版社,1988.12
    510页;20cm
    自然科学史话
    
    ISBN :CNY4.90
    
●
相关链接 在E读中查询图书 在五车中查询图书 在当当中查询图书 在豆瓣中查询图书


正题名:时空物理纵横     索取号:O412.1/10         预约/预借

序号 登录号 条形码 馆藏地/架位号 状态 备注
1 0219081   001052577   第三借阅区/ [索取号:O412.1/10] 在馆    
2 0219082   001052522   第三借阅区/ [索取号:O412.1/10] 在馆    
3 0219083   001052611   第二样本阅览室/ [索取号:O412.1/10] 在馆    
唐山师范学院图书馆 欢迎您!
大连网信软件有限公司© 版权所有